La masonería en persona(s) (Record no. 179530)

MARC details
000 -LEADER
campo de control de longitud fija 00886nam a2200253 i 4500
001 - NÚMERO DE CONTROL
campo de control 179530
003 - IDENTIFICADOR DE NÚMERO DE CONTROL
campo de control ES-MaACL
005 - FECHA Y HORA DE LA ÚLTIMA TRANSACCIÓN
campo de control 20250819173420.0
008 - DATOS DE LONGITUD FIJA--INFORMACIÓN GENERAL
campo de control de longitud fija 111221s2010 sp a |||| | spa d
020 ## - NÚMERO INTERNACIONAL ESTÁNDAR DEL LIBRO
Número Internacional Estándar del Libro 978-84-92984-00-8
080 ## - NÚMERO DE LA CLASIFICACIÓN DECIMAL UNIVERSAL
Número de la Clasificación Decimal Universal 061.236.6(460)"19"
245 03 - MENCIÓN DEL TÍTULO
Título La masonería en persona(s)
Resto del título : la experiencia masónica a través de 20 de sus protagonistas /
Mención de responsabilidad, etc. [recopiladores, Javier Otaola, Valentín Díaz].
250 ## - MENCION DE EDICION
Mención de edición 1ª ed.
260 ## - PUBLICACIÓN, DISTRIBUCIÓN, ETC.
Lugar de publicación, distribución, etc. Oviedo :
Nombre del editor, distribuidor, etc. Masonica.es,
Fecha de publicación, distribución, etc. 2010.
300 ## - DESCRIPCIÓN FÍSICA
Extensión 397 p. :
Otras características físicas il. ;
Dimensiones 21 cm.
490 1# - MENCIÓN DE SERIE
Mención de serie Serie roja
610 24 - PUNTO DE ACCESO ADICIONAL DE MATERIA--NOMBRE DE ENTIDAD CORPORATIVA
Nombre de entidad corporativa o nombre de jurisdicción como elemento de entrada Masonería-
Subdivisión geográfica España-
Subdivisión cronológica S.XX.
9 (RLIN) 5664
700 ## - ENTRADA AGREGADA--NOMBRE PERSONAL
Nombre de persona Otaola, Javier,
Fechas asociadas al nombre 1956-
9 (RLIN) 235665
700 1# - ENTRADA AGREGADA--NOMBRE PERSONAL
Nombre de persona Díaz, Valentín,
Fechas asociadas al nombre 1951-
9 (RLIN) 148766
830 0# - PUNTO DE ACCESO ADICIONAL DE SERIE-TÍTULO UNIFORME
Título uniforme Serie roja
9 (RLIN) 191394
852 ## - LOCALIZACIÓN
Ubicación ES-MaACL
Número de control de estantería A-11743
itemnumber 186426
Sublocalización o colección R.146040
Ubicación en estantería Depósito 1
Signatura antigua Olim: N-4748
942 ## - ELEMENTOS DE ENTRADA SECUNDARIOS (KOHA)
Fuente del sistema de clasificación o colocación Clasificación decimal universal
Tipo de ítem Koha Libro impreso
Holdings
Estatus retirado Estado de pérdida Fuente del sistema de clasificación o colocación Estado de daño No para préstamo Biblioteca de origen Biblioteca actual Ubicación en estantería Fecha de adquisición Fuente de adquisición Total de préstamos Signatura topográfica completa Código de barras Visto por última vez Precio de reemplazo Tipo de ítem Koha
    Clasificación decimal universal     Biblioteca del Ateneo de Madrid Biblioteca del Ateneo de Madrid Depósito 1 21/12/2011 Donación   A-11743 1188601 23/02/2023 23/02/2023 Libro impreso